[Event "Rohde op 12th"]
[Site "Sautron"]
[Date "2012.10.29"]
[Round "3"]
[White "Sergeev, Vladimir"]
[Black "Le Roux, Jean Pierre"]
[Result "0-1"]
[WhiteElo "2475"]
[BlackElo "2563"]
[Annotator "RR"]
[PlyCount "134"]
[EventDate "2012.10.27"]
[EventType "swiss"]
[EventRounds "9"]
[EventCountry "FRA"]
[SourceTitle "EXT 2014"]
[Source "ChessBase"]
[SourceDate "2013.11.20"]
[SourceVersion "1"]
[SourceVersionDate "2013.11.20"]
[SourceQuality "1"]
[TimeControl "40/5400+30:1800+30"]
[WhiteClock "1:30:00"]
[BlackClock "1:30:00"]

1. d4 {[%emt 0:00:30]} Nf6 {[%emt 0:01:58]} 2. Nf3 {[%emt 0:00:38]} g6 {
[%emt 0:01:04]} 3. Bg5 {[%emt 0:00:27]} Bg7 {[%emt 0:00:12]} 4. Nbd2 {[%emt 0:
00:11]} d6 {[%emt 0:01:20]} 5. c3 {[%emt 0:00:13]} O-O {[%emt 0:04:02]} 6. a4 {
[%emt 0:00:30]} Nbd7 {[%emt 0:00:16]} 7. e4 {[%emt 0:00:13]} (7. a5 e5 8. dxe5
dxe5 9. e4 {Malaniuk,V (2496)-Galazewski,T (2289) Warsaw AIG Life rapid 7th
2007 (4) 1-0}) 7... h6 {[%emt 0:02:13]} 8. Bh4 {[%emt 0:00:03]} Nh5 $1 {
[%emt 0:01:40]} 9. Bc4 {[%emt 0:05:08][%csl Gf4][%cal Gg6g5]} c5 $1 $146 {
[%emt 0:05:17] Après l'ouverture de la colonne "c", le Nd2 sera assez mal
placé et les Noirs égalisent facilement} (9... Nf4 10. O-O c6 11. Re1 g5 12.
Bg3 e5 13. Nf1 Qc7 14. Ne3 Nf6 15. Qc2 Be6 16. dxe5 dxe5 17. Rad1 Rae8 18. Rd2
Bc8 19. Bb3 Nh7 20. Red1 h5 21. Nc4 Ng6 22. h4 g4 23. Nd4 Nf4 24. Nf5 {
Malakhatko,V (2569)-Vovk,Y (2420)/Calvi 2005/CBM 105 ext/1-0 (32)}) (9... g5
10. Bg3 (10. Nxg5 $5 hxg5 11. Bxg5 Nhf6 12. h4 $44 {[%csl Gh1,Gh4][%cal Gh4h5,
Gh5h6]})) 10. O-O {[%emt 0:04:54]} (10. a5) 10... cxd4 $11 {[%emt 0:03:52]
[%csl Rd2]} 11. cxd4 {[%emt 0:01:00]} g5 {[%emt 0:03:23]} 12. Bg3 {[%emt 0:02:
24]} Nxg3 {[%emt 0:03:58]} 13. hxg3 {[%emt 0:00:30]} Qa5 {[%emt 0:07:10]} 14.
Qc2 {[%emt 0:18:30]} e6 $1 {[%emt 0:07:07] Il faut garder la souplesse dans la
structure pour profiter de la paire de B} 15. d5 {[%emt 0:14:11][%csl Gg7]
[%cal Gg7b2]} Nb6 {[%emt 0:05:04]} 16. dxe6 {[%emt 0:03:04]} fxe6 {[%emt 0:05:
12]} 17. Bb3 {[%emt 0:18:18]} Bd7 {[%emt 0:06:01]} 18. Nc4 $6 {[%emt 0:04:33]}
Nxc4 {[%emt 0:11:20]} 19. Bxc4 {[%emt 0:02:28]} Qb4 {[%emt 0:07:36]} (19...
Rac8 20. Qb3 Rfe8) 20. Ra2 $6 {[%emt 0:00:55][%csl Ra2]} (20. Rad1 $142 Rac8 (
20... Bxb2 21. Rb1) (20... Qxb2 21. Qxb2 Bxb2 22. Rxd6) 21. b3) 20... Kh8 {
[%emt 0:06:58]} 21. b3 {[%emt 0:00:40]} a6 {[%emt 0:01:59]} 22. a5 $6 {[%emt 0:
01:03] Trop tard car les Blancs seront obligés de laisser la Ra2 sur sa
mauvaise case pour défendre le P"a5"} Bc6 {[%emt 0:02:20]} 23. Rd1 {[%emt 0:02:
24]} (23. Bxe6 Bxe4) 23... Rad8 {[%emt 0:03:42]} 24. Bxe6 {[%emt 0:08:33]} Bxe4
{[%emt 0:00:56]} 25. Qc4 {[%emt 0:03:19]} Qxc4 {[%emt 0:00:21]} 26. bxc4 {
[%emt 0:00:05]} Rde8 {[%emt 0:01:00]} 27. Bd5 {[%emt 0:00:08]} Bxd5 {[%emt 0:
00:43]} 28. cxd5 {[%emt 0:00:13]} (28. Rxd5) 28... Re4 {[%emt 0:01:11]} 29. Kf1
{[%emt 0:04:18]} Rc8 {[%emt 0:01:39]} 30. Ng1 {[%emt 0:01:51]} (30. Re2 Rxe2
31. Kxe2 Rc5) 30... Rc5 $36 {[%emt 0:01:26][%csl Ra5,Rd5]} 31. Ra3 {[%emt 0:02:
39][%csl Ra3]} Rb5 {[%emt 0:02:23]} 32. Ne2 {[%emt 0:01:08]} Rb2 {[%emt 0:00:
18]} 33. Nc3 {[%emt 0:00:22]} Rc4 {[%emt 0:01:00]} 34. Na4 {[%emt 0:00:11]}
Rbb4 {[%emt 0:01:00]} 35. Nb6 {[%emt 0:00:09]} Rc2 {[%emt 0:00:06]} 36. Rf3 {
[%emt 0:00:37]} Re4 {[%emt 0:01:23]} 37. Nd7 {[%emt 0:01:02]} Re7 {[%emt 0:00:
36]} 38. Nb6 {[%emt 0:00:19]} Bd4 {[%emt 0:00:26]} 39. Re1 {[%emt 0:00:47]}
Rxe1+ {[%emt 0:00:34]} 40. Kxe1 {[%emt 0:00:00]} Bxb6 {[%emt 0:00:00]} 41. axb6
{[%emt 0:00:20]} Rb2 {[%emt 0:01:25]} 42. Rf6 Rxb6 {[%emt 0:30:49][%csl Ga6]}
43. Rxh6+ {[%emt 0:01:21]} Kg7 {[%emt 0:00:00]} 44. Re6 {[%emt 0:06:14]} a5 $15
{[%emt 0:00:00][%cal Gb6a6] Les Blancs manquent de contre-jeu face а la
majorité de l'aile-dame} 45. Kd2 {[%emt 0:01:49]} a4 {[%emt 0:00:00]} (45...
Kf7 46. Kc3 a4 47. Re4 Ra6 48. Rb4 a3 49. Rxb7+ Kf6 50. Rb1 Ke5 51. Kc4 (51.
Ra1 Kxd5) 51... a2 52. Ra1 Ke4 {[%cal Ga6a4]}) 46. Re4 {[%emt 0:03:00]} a3 {
[%emt 0:00:00]} 47. Ra4 {[%emt 0:01:43]} Rb2+ {[%emt 0:00:00]} 48. Kc3 {
[%emt 0:00:23]} Rxf2 {[%emt 0:00:00]} 49. Rxa3 {[%emt 0:00:14] les échanges de
P favorisent la défense des Blancs qui ont maintenant des bonnes chances de
nulle} Rxg2 {[%emt 0:00:00]} 50. Kd4 {[%emt 0:00:13]} Kg6 {[%emt 0:00:00]} 51.
Ke4 $6 {[%emt 0:01:21]} (51. Rb3 Kf5 52. Rxb7 Rxg3 53. Rf7+ Kg4 54. Rd7 Kf3 55.
Rxd6 Rg4+ 56. Kd3 Rf4 57. Rd8 g4 58. d6 g3 59. Rc8 Rf6 60. Rc6 g2 61. d7 $3
Rxc6 62. d8=Q g1=Q 63. Qd5+) 51... Rb2 {[%emt 0:00:00]} 52. Ra4 {[%emt 0:01:08]
} Kf6 {[%emt 0:00:00]} 53. Kd4 {[%emt 0:07:19]} b5 $1 {[%emt 0:00:00]} 54. Ra8
{[%emt 0:00:09]} Rb4+ {[%emt 0:00:00]} 55. Kc3 {[%emt 0:00:11]} Rc4+ {[%emt 0:
00:12]} 56. Kb3 {[%emt 0:00:30]} Ke5 {[%emt 0:00:28]} 57. Rb8 {[%emt 0:00:24]}
Rc5 {[%emt 0:02:09]} 58. Re8+ {[%emt 0:05:26]} Kf5 {[%emt 0:00:52]} (58... Kxd5
59. Rg8 Ke4 {[%cal Gd6d1]}) 59. Kb4 {[%emt 0:00:33]} Rxd5 $19 {[%emt 0:00:11]
[%cal Gf5g4]} 60. Re3 {[%emt 0:00:10]} Kg4 {[%emt 0:00:30]} 61. Ra3 {[%emt 0:
00:09]} Rf5 {[%emt 0:00:14]} 62. Rd3 {[%emt 0:00:08]} Rf3 {[%emt 0:01:53]} 63.
Rd5 {[%emt 0:00:42]} Rxg3 {[%emt 0:00:21]} 64. Rxd6 {[%emt 0:00:15]} Kh3 {
[%emt 0:01:02]} 65. Kxb5 {[%emt 0:00:17]} Rc3 {[%emt 0:00:41]} 66. Kb4 {
[%emt 0:00:05]} Rc8 {[%emt 0:00:46]} 67. Rd3+ {[%emt 0:00:29]} Kh4 {[%emt 0:00:
04]} 0-1

[Event "POL-chT 66th"]
[Site "Katowice"]
[Date "2010.09.04"]
[Round "1"]
[White "Pakleza, Zbigniew"]
[Black "Cyborowski, Lukasz"]
[Result "1/2-1/2"]
[WhiteElo "2509"]
[BlackElo "2531"]
[Annotator "RR"]
[PlyCount "59"]
[EventDate "2010.09.04"]
[EventType "team-tourn"]
[EventRounds "9"]
[EventCountry "POL"]
[SourceTitle "EXT 2016"]
[Source "ChessBase"]
[SourceDate "2015.10.08"]
[SourceVersion "1"]
[SourceVersionDate "2015.10.08"]
[SourceQuality "1"]
[WhiteTeam "Lublin"]
[BlackTeam "Dankowice"]
[WhiteTeamCountry "POL"]
[BlackTeamCountry "POL"]

1. d4 Nf6 2. Nf3 g6 3. Bf4 Bg7 4. e3 O-O 5. Be2 d6 6. h3 c5 7. c3 b6 8. O-O Bb7
9. Nbd2 Nbd7 10. a4 a6 11. Bg3 (11. Bh2 Qc7 12. Re1 Ne4 13. Nxe4 Bxe4 14. Bf1
e5 15. dxe5 Nxe5 16. Nxe5 dxe5 17. Qb3 Bc6 18. Red1 Qb7 19. Qc4 Rfe8 20. a5
bxa5 21. Rxa5 Bb5 22. Qb3 Qc7 23. Bxb5 Qxa5 24. Bxe8 Rxe8 25. g4 Qc7 26. Qa4
Rd8 27. Rxd8+ Qxd8 28. Qc6 h5 29. gxh5 Qg5+ 30. Bg3 Qxh5 31. Kg2 Qf5 32. e4 Qe6
33. Qxc5 f5 34. Qd5 Qxd5 35. exd5 Kf7 36. f3 Ke7 37. c4 Kd6 38. Bf2 Bh6 39. Kf1
Bd2 40. Be1 Bxe1 {Markus,R (2622)-Indjic,A (2549) Kragujevac 2013 1-0}) 11...
Ne4 (11... Ra7 12. Qb3 Qa8 13. Rfd1 Ne4 14. Nxe4 Bxe4 15. Bh4 Nf6 16. Bf1 Bd5
17. c4 Bxf3 18. gxf3 cxd4 19. exd4 d5 20. Bg3 dxc4 21. Bxc4 Nh5 22. Bh2 Bh6 23.
d5 Bf4 24. Bxf4 Nxf4 25. Qe3 g5 26. Bf1 Rd7 27. h4 Rxd5 28. Rxd5 Qxd5 29. Qxe7
gxh4 30. Qxh4 Qe5 31. Rd1 a5 32. Rd8 Ne6 33. Qg4+ Kh8 34. Rxf8+ Nxf8 35. Bc4
Qf6 36. b3 Ng6 37. Kg2 Ne5 38. Qg3 Ng6 39. Qg4 h6 40. Kg3 Ne5 41. Qe4 {Pakleza,
Z (2490)-Piorun,K (2570) Warsaw 2014 1/2-1/2}) 12. Nxe4 Bxe4 13. Nd2 Bb7 14.
Bf3 Qc7 15. Qe2 Rac8 $11 16. Rfd1 Rfd8 17. Bh4 Re8 (17... Bf6 $11) 18. Bg3 Red8
19. Bh4 Bf6 20. Bxf6 Nxf6 21. b4 Bxf3 22. Qxf3 cxb4 23. cxb4 Qd7 24. Qe2 b5 25.
axb5 Qxb5 26. Qxb5 axb5 27. Ra5 Nd5 {[%csl Gd5]} 28. Nb1 Rb8 29. Na3 Nxb4 30.
Rxb5 1/2-1/2

[Event "Cap d'Agde GP CCAS"]
[Site "Cap d'Agde"]
[Date "2013.10.26"]
[Round "7"]
[White "Pile, Richard"]
[Black "Maze, Sebastien"]
[Result "0-1"]
[WhiteElo "2393"]
[BlackElo "2550"]
[Annotator "RR"]
[PlyCount "120"]
[EventDate "2013.10.26"]
[EventType "swiss"]
[EventRounds "9"]
[EventCountry "FRA"]
[SourceTitle "EXT 2016"]
[Source "ChessBase"]
[SourceDate "2015.10.08"]
[SourceVersion "1"]
[SourceVersionDate "2015.10.08"]
[SourceQuality "1"]

1. d4 Nf6 2. Nf3 g6 3. Bf4 Bg7 4. e3 d6 5. h3 O-O 6. Be2 Nc6 7. Nc3 (7. O-O Nd7
8. Bh2 e5 9. c3 f5 10. a4 Kh8 11. b4 e4 12. Nfd2 d5 13. b5 Ne7 14. c4 c6 15.
bxc6 bxc6 16. cxd5 cxd5 17. Nc3 Nf6 18. Nb5 a6 19. Nd6 Be6 20. Nb3 g5 21. Nc5
Bg8 22. Be5 f4 23. exf4 gxf4 24. Bxf4 Ng6 25. Bg3 Qe7 26. Nf5 Qf7 27. Rb1 Nd7
28. Nd6 Qe7 29. Rb7 Rad8 30. Bg4 {1-0 (30) Kamsky,G (2741)-Salem,A (2531)
Khanty-Mansiysk 2013}) 7... Nd7 8. e4 a6 $146 (8... h6 9. Qd2 Kh7 10. Be3 e5
11. dxe5 dxe5 12. O-O-O f5 13. Qd5 Qe7 14. Qc4 Nb6 15. Qb5 fxe4 16. Nxe4 Nd4
17. Bxd4 exd4 18. Bd3 Rf5 19. Neg5+ hxg5 20. Bxf5 Bxf5 21. Rde1 Qf6 22. h4 g4
23. Ng5+ Kh6 24. Qb3 d3 25. cxd3 Qc6+ 26. Qc2 Qxc2+ 27. Kxc2 Nd5 28. a3 Kh5 29.
g3 Rf8 30. Re2 Rf6 31. Ne4 Rb6 32. Kc1 a5 33. Rhe1 a4 34. Rc2 Rb5 35. Ree2 b6
36. Rc4 Rb3 37. Rxa4 Rxd3 38. Ra8 {Lin,W (2465)-Yurtaev,L (2505) Frunze 1989
0-1}) 9. Qd2 e5 $11 10. dxe5 Ndxe5 (10... dxe5) 11. Bh6 Re8 12. Bxg7 Nxf3+ 13.
gxf3 (13. Bxf3 {Plus naturel}) 13... Kxg7 14. h4 h5 15. O-O-O Be6 16. f4 {
[%cal Gf4f5]} Qf6 17. f5 gxf5 18. Rhg1+ Kf8 19. exf5 (19. Rg5 $142 $1 {[%csl
Rf5,Rh5][%cal Gd1g1]}) 19... Qxf5 20. Bd3 Qf6 21. Ne4 Qh8 22. Ng5 $36 {[%csl
Rf8,Rh8]} Ke7 $1 {[%cal Ge7d7]} 23. Kb1 Kd7 24. Rde1 (24. f4 $5 {[%csl Re6]
[%cal Gf4f5]}) 24... Re7 25. f4 Rae8 26. Nxe6 fxe6 27. Rg5 Rf8 28. c3 Rf6 29.
Rf1 Qf8 30. Rxh5 Ref7 31. f5 exf5 32. Rg5 (32. Rf4 $5 {[%csl Rf5]}) 32... Ne5 (
32... f4) 33. Be4 c6 34. Bc2 Kc7 35. Qg2 Qh6 (35... f4) 36. Qg3 Ng6 37. Rfxf5
Nxh4 $17 38. Rxf6 Qxf6 39. Bd3 Qf2 40. a3 Qxg3 41. Rxg3 Nf3 42. Be2 Ne5 43. Kc1
d5 44. Rh3 b5 45. Rh5 Re7 46. Rh6 a5 47. b3 Nd7 48. Bd3 Nc5 49. Bc2 Re1+ 50.
Kb2 Re2 51. Kc1 Rf2 52. b4 axb4 53. axb4 Nb7 54. Rh7+ Kb6 55. Rh6 Nd8 56. Rh8
Ne6 57. Re8 Nf4 58. Kb1 d4 59. cxd4 Nd5 60. Bg6 Rf4 0-1

[Event "Cappelle op 31st"]
[Site "Cappelle la Grande"]
[Date "2015.03.07"]
[Round "9"]
[White "Sandipan, Chanda"]
[Black "Kulaots, Kaido"]
[Result "1/2-1/2"]
[WhiteElo "2574"]
[BlackElo "2558"]
[Annotator "RR"]
[PlyCount "143"]
[EventDate "2015.02.28"]
[EventType "swiss"]
[EventRounds "9"]
[EventCountry "FRA"]
[SourceTitle "EXT 2016"]
[Source "ChessBase"]
[SourceDate "2015.10.08"]
[SourceVersion "1"]
[SourceVersionDate "2015.10.08"]
[SourceQuality "1"]

1. d4 Nf6 2. Nf3 g6 3. Bf4 Bg7 4. c3 d6 5. h3 O-O 6. Nbd2 b6 7. e3 Bb7 8. Be2
c5 9. O-O Nbd7 10. a4 a6 11. Re1 Ne4 (11... cxd4 12. exd4 Nd5 13. Bh2 Bh6 14.
Bf1 a5 15. Nc4 N7f6 16. Na3 Bf4 17. Bxf4 Nxf4 18. g3 N4d5 19. Bg2 e6 20. Qd2
Kg7 21. Nh2 Rb8 22. Ng4 Nxg4 23. hxg4 h6 24. Nb5 Nc7 25. c4 Bxg2 26. Kxg2 d5
27. Qf4 Nxb5 28. cxb5 Qf6 29. Qe3 Rbc8 30. Rac1 Qg5 31. Qxg5 hxg5 32. Kf3 Kf6
33. b3 Ke7 34. Ke3 Kd7 35. Kd2 Rxc1 36. Rxc1 Rc8 37. Rh1 Ke7 38. f4 gxf4 39.
gxf4 Kf6 40. Rh7 Rf8 41. Kc3 {Kamsky,G (2741)-Svidler,P (2747) Loo 2013 1/2-1/
2 (64)}) 12. Nxe4 Bxe4 13. Nd2 Bb7 14. Bf3 Qc7 15. Rc1 b5 $146 (15... Bxf3 16.
Nxf3 e5 17. dxe5 dxe5 18. Bg3 Qc6 19. e4 c4 20. b4 cxb3 21. Qxb3 Nc5 22. Qc4
Rfe8 23. Ra1 Rad8 24. Ra2 b5 25. axb5 axb5 26. Qe2 Na4 27. Qc2 Qxc3 28. Qxc3
Nxc3 29. Rb2 f6 30. Rb3 Rc8 31. Re3 Na4 32. Rxb5 Rc1+ 33. Re1 Rec8 34. Rxc1
Rxc1+ 35. Kh2 Rc4 36. Nd2 Rd4 37. Rd5 Rxd5 38. exd5 Nb6 39. d6 Kf7 40. f4 Bh6
41. Ne4 exf4 42. Bf2 Nd7 43. h4 Ke6 44. g4 fxg3+ 45. Bxg3 {Jenei,F (2235)-Kahn,
E (2255) Hungary 1992 0-1}) 16. b4 c4 $6 17. Bg5 Rfe8 18. Bxb7 Qxb7 19. e4 $14
e5 20. d5 f5 21. exf5 (21. f3) 21... gxf5 22. Nf1 Nb6 23. a5 (23. Ne3 f4 (23...
Nxa4 24. Nxf5) 24. Nf5 Qd7 (24... Qxd5 $2 25. Qg4 {[%csl Rg7]})) 23... Nxd5 24.
Qd2 Re6 25. Red1 Nc7 26. Ne3 Rf8 $17 {Les Noirs ont le centre et des pièces
plus actives} 27. Nd5 $6 {Le Nc7 était mal placé} Nxd5 28. Qxd5 Qxd5 29. Rxd5
Rc8 (29... f4 {[%csl Rg5][%cal Gh7h6]} 30. Rcd1 h6 31. Bh4 e4 {[%cal Gg7e5]}
32. Rxd6 Rfe8 $36 {[%csl Rc3][%cal Ge4e3,Gg7c3]}) 30. Be3 Kf7 31. Rcd1 Rc6 (
31... Ke7) 32. f4 Ke7 $6 (32... exf4 33. Bxf4 Bxc3 $40 {[%csl Gc4]}) 33. Kf2
exf4 {Trop tard!} 34. Bd4 Be5 35. Bxe5 dxe5 36. Rd7+ Kf6 37. Kf3 Re7 38. Rd8
Ke6 (38... Kg5 $142 {[%cal Ge5e4,Gg5f4]} 39. Rg8+ Rg6 40. Rxg6+ hxg6 41. Rd6
e4+ $40 {[%csl Ge4]}) 39. R1d2 (39. Rg8) 39... Rg7 $1 40. Re8+ Kf6 41. Rf8+ Kg5
$40 42. Rd5 Re6 (42... e4+ 43. Ke2 Rf6 $1 {[%csl Ge4]}) 43. Kf2 $1 {Evite
l'échec sur la poussée e5e4 qui gagnerait un tempo important} Rgg6 44. Rf7 h6
45. Rf8 Rgf6 46. Rg8+ $1 {Coupe non seulement le K mais après Kf3, la
poussée e5e4 perdrait le P"f4"} Kh5 47. Kf3 $1 Rg6 $1 48. Rf8 Rg3+ (48... e4+
$2 49. Kxf4 e3 50. Rfxf5+ Rg5 51. g4+ Kg6 52. Rd1 e2 53. Re1) 49. Kf2 Re3 50.
Rb8 Rd3 51. Rc5 Rxc3 (51... Rd2+ $142 52. Ke1 (52. Kf3 $2 Red6 {[%csl Rf3]
[%cal Gd6d3]}) 52... Rxg2 {[%csl Re1,Gf4] Par rapport à la prise 51. Rc3, le
K Blanc est coupé à la bande et il y a probablement même un réseau de mat}
53. Rb6 Re7 54. Rxa6 f3 $19) 52. Rb6 Rc2+ (52... Re7 {[%csl Rf2][%cal Ge7d7,
Gd7d2]} 53. Rxa6 Rc2+ (53... Rd7 54. Rxe5 Rd2+ 55. Ke1 Rxg2 {[%cal Gc3c1]}) 54.
Kf1 Rd7 {[%cal Gd7d1]} 55. Rxe5 Rd1+ 56. Re1 Rdd2 57. Re5 c3 58. Rxf5+ Kh4 59.
Rxf4+ Kg3 60. Rg6+ Kh2 $19) 53. Kf3 Rc3+ (53... Re7 54. Rxa6 Rd7 {[%cal Gd7d3]}
) 54. Kf2 Rg6 $2 55. Rxe5 Rc2+ 56. Kf3 Rcxg2 57. Rxf5+ R2g5 58. Kxf4 Rxf5+ 59.
Kxf5 Rg3 60. Rxa6 Rb3 61. Rb6 Rxb4 62. a6 Ra4 63. Rxb5 Rxa6 64. Rc5 Ra4 65. Rc6
Ra3 66. Rxc4 Rxh3 67. Rf4 Ra3 68. Rf1 Kh4 69. Rh1+ Rh3 70. Rxh3+ Kxh3 71. Kg6
Kg4 72. Kxh6 1/2-1/2

[Event "Tata Steel-B 79th"]
[Site "Wijk aan Zee"]
[Date "2017.01.27"]
[Round "11"]
[White "Dobrov, Vladimir"]
[Black "Lu, Shanglei"]
[Result "0-1"]
[WhiteElo "2499"]
[BlackElo "2612"]
[Annotator "Ramirez Alvarez,A"]
[PlyCount "78"]
[EventDate "2017.01.14"]
[EventType "tourn"]
[EventRounds "13"]
[EventCountry "NED"]
[EventCategory "14"]
[SourceTitle "CBM 177"]
[Source "ChessBase"]
[SourceDate "2017.03.16"]
[SourceVersion "1"]
[SourceVersionDate "2017.03.16"]
[SourceQuality "1"]
[TimeControl "40/6000+30:20/3000+30:900+30"]

1. Nf3 {[%emt 0:00:00]} g6 {[%emt 0:01:29]} 2. d4 {[%emt 0:01:04]} Bg7 {
[%emt 0:00:36]} 3. c3 {[%emt 0:04:31]} Nf6 {[%emt 0:02:35]} 4. Bg5 {[%emt 0:00:
32]} d6 {[%emt 0:03:02]} 5. Nbd2 {[%emt 0:00:28]} O-O {[%emt 0:01:42]} 6. e4 {
[%emt 0:02:10]} c5 {[%emt 0:02:10]} 7. Bd3 {[%emt 0:09:52]} cxd4 {[%emt 0:01:
46]} 8. Nxd4 {[%emt 0:09:48]} h6 {[%emt 0:02:18]} 9. Bh4 {[%emt 0:00:47]} Nc6 {
[%emt 0:05:20]} 10. Nxc6 {[%emt 0:04:21]} bxc6 {[%emt 0:00:58]} 11. f4 $146 {
[%emt 0:01:44]} (11. O-O Nd7 12. Nc4 Nc5 13. Ne3 f5 14. exf5 gxf5 15. Bc4+ Kh8
16. Qh5 d5 17. Rfd1 Qe8 18. Be2 Qxh5 19. Bxh5 Bf6 20. Bxf6+ Rxf6 21. f4 Rb8 22.
c4 e6 23. Rac1 Ne4 24. cxd5 exd5 25. Be8 Bb7 26. Bh5 a5 27. Rd3 c5 28. Ra3 d4
29. Nc4 Bd5 30. Rxa5 Bxc4 31. Rxc4 Rxb2 32. Ra8+ Kg7 33. Ra7+ Kg8 34. g3 Rfb6
35. Rc1 d3 36. Rd7 d2 37. Rf1 Rd6 38. Rc7 Rc2 39. a4 Rc1 40. Be2 Rxf1+ {
Rehn,R (2173) -Luukkonen,T (2197) Jyvaskyla 2007 0-1}) 11... Qb6 {[%emt 0:27:
41]} 12. Nc4 {[%emt 0:00:57]} Qb8 {[%emt 0:00:22]} 13. Qe2 {[%emt 0:04:16]} d5
{[%emt 0:07:24]} 14. Ne5 {[%emt 0:00:58]} dxe4 {[%emt 0:14:45]} 15. Bc4 {
[%emt 0:00:16]} Bf5 {[%emt 0:08:34]} 16. g4 {[%emt 0:03:31]} Nxg4 {[%emt 0:05:
49]} 17. Nxg4 {[%emt 0:00:14]} Qxf4 {[%emt 0:00:14]} 18. h3 {[%emt 0:00:17]}
Rab8 {[%emt 0:00:48]} 19. Rf1 {[%emt 0:09:36]} Qd6 {[%emt 0:00:04]} 20. Rd1 {
[%emt 0:00:44]} Qc5 {[%emt 0:00:13]} 21. Bf2 {[%emt 0:03:17]} Qa5 {[%emt 0:00:
03]} 22. Bd4 {[%emt 0:00:29]} Rfd8 {[%emt 0:06:22]} 23. Bxg7 {[%emt 0:00:47]}
Kxg7 {[%emt 0:00:02]} 24. Rxd8 {[%emt 0:00:46]} Rxd8 {[%emt 0:04:47]} 25. Qe3 {
[%emt 0:00:34]} Rh8 {[%emt 0:00:05]} 26. Qd4+ {[%emt 0:03:04]} f6 {[%emt 0:00:
28]} 27. Ne3 $2 {And eventually Black won} (27. Nxf6 $1 exf6 28. Rxf5 Qxf5 (
28... gxf5 29. Qg1+ (29. Qd7+ Kg6 30. Qf7+ Kg5 31. Qg7+ Kf4 32. Qxh8 {also
works, so full points for that.}) 29... Kf8 30. Qg6 $1 {And Black cannot
prevent losing the rook on h8.}) 29. Qxa7+ Kf8 30. Qf7#) 27... Bxh3 28. Qxe4
Qc5 29. Rg1 g5 30. Rh1 Bd7 31. Bd3 h5 32. Ke2 h4 33. Qg6+ Kf8 34. Bc4 Be8 35.
Qe4 Bf7 36. Bxf7 Kxf7 37. Kd3 Qb5+ 38. Nc4 h3 39. Ke3 Rh4 0-1

[Event "Leon"]
[Site "Leon"]
[Date "1995.??.??"]
[Round "3"]
[White "Rivas Pastor, Manuel"]
[Black "Romero Holmes, Alfonso"]
[Result "1/2-1/2"]
[WhiteElo "2515"]
[BlackElo "2455"]
[Annotator "Romero Holmes"]
[PlyCount "136"]
[EventDate "1995.05.??"]
[EventType "tourn"]
[EventRounds "9"]
[EventCountry "ESP"]
[EventCategory "14"]
[SourceTitle "CBM 048"]
[Source "ChessBase"]
[SourceDate "1995.10.01"]
[SourceVersion "1"]
[SourceVersionDate "1995.10.01"]
[SourceQuality "1"]

1. d4 Nf6 2. Nf3 g6 3. Bf4 Bg7 4. e3 d6 5. Be2 Nh5 6. Bg5 h6 7. Bh4 g5 8. Nfd2
Nf4 9. exf4 gxh4 10. c3 Nd7 11. O-O c5 12. d5 Nf6 13. Nc4 h5 14. Ne3 Kf8 15.
Nd2 Bh6 16. g3 Bh3 17. Re1 hxg3 18. fxg3 h4 19. Bf3 Qd7 20. Kf2 Kg7 21. Ne4
Rag8 22. Nxf6 Kxf6 23. b4 Kg7 24. bxc5 dxc5 25. Bg4 $2 (25. g4 $1 Bxf4 26. Nf5+
Kf8 27. Rxe7 $16) 25... Bxg4 26. Qxg4+ Qxg4 27. Nxg4 Kf8 28. Kf3 hxg3 29. hxg3
Rg6 30. Ne5 Rd6 31. Rab1 b6 32. c4 Bg7 33. Nc6 e6 34. Nxa7 exd5 35. Nc8 Rd8 36.
Nxb6 Bc3 37. Red1 d4 38. Nd5 Ra8 39. Nxc3 dxc3 40. Rbc1 Rh2 41. Rxc3 Rhxa2 42.
Rd5 Rc8 43. Kg4 Rc6 44. Kf5 Kg7 45. g4 Rf6+ 46. Ke4 Re6+ 47. Re5 Rxe5+ 48. fxe5
Rd2 49. Rd3 Rg2 50. Kd5 Rxg4 51. Kxc5 Kf8 52. Kb5 Ke7 53. c5 Rg1 54. c6 Rb1+
55. Ka6 Ra1+ 56. Kb7 Rb1+ 57. Kc8 Ke6 58. Rf3 Rb5 59. Rf6+ Ke7 60. c7 Rxe5 $2
61. Rc6 (61. Rb6 $142 {It`s worth a try.} Rc5 62. Kb8 f5 63. Rb7 $1 Ke6 64.
c8=Q+ Rxc8+ 65. Kxc8 Ke5 $1 $10 (65... f4 {?? Endspiel-CD} 66. Rb5 $18) (65...
Kd5 $1 $10)) 61... Rb5 62. Rc1 f5 63. Re1+ Kd6 64. Kd8 Rc5 65. c8=Q Rxc8+ 66.
Kxc8 Kd5 67. Kd7 f4 68. Ke7 Kd4 1/2-1/2